000 01173cab a2200361 4500
001 ABS59183
008 090401t1998 xxu||||| |||| 00| 0 eng d
035 _a(Sirsi) u88014
041 _aeng
100 _aWignall, G.
245 _aHandling nuisance claims: landlords and troublesome tenants
260 _c1998
350 _a0
490 _aSolicitors` Journal
_v142(29) 24 July 1998, 698-699(2)
520 _aConsiders the extent to which the tenant of either a private or public landlord may have a right of action against the landlord in respect of nuisances committed by another tenant.
650 _aBREACH OF COVENANT
650 _aCHARTERED TRUST V DAVIES
650 _aPROPERTY-COMMERCIAL PROPERTY
650 _aHILTON V JAMES SMITH
650 _aHUSSAIN V LANCASTER CC
650 _aLANDLORD
650 _aLOCAL AUTHORITY HOUSING
650 _aMALZY V EICHHOLZ
650 _aNORTHAMPTON BC V LOVATT
650 _aNUISANCE
650 _aQUIET ENJOYMENT
650 _aSEDLEIGH-DENFIELD V O'CALLAGHAN
650 _aSMITH V SCOTT
650 _aTENANT
690 _aPROPERTY-LANDLORD AND TENANT
942 _n0
948 _c17/08/1998
999 _c55571
_d55571